000 00622nam a2200241 i 4500
001 C2-0115052
003 PPAK
005 20180727105010.0
008 970709s1996 my |||| ||||| | may d
020 _a9836249001
040 _aPPAK
_beng
_cPPAK
_erda
082 0 4 _a899.233
_223
090 0 0 _a899.233
_bRHA
_dG
100 0 _aR. Hamzah Dua,
_eauthor
245 1 0 _aSisa
264 1 _aKuala Lumpur :
_bDewan Bahasa dan Pustaka ,
_c1996
300 _a203 pages ;
_c20 cm
336 _2rdacontent
_atext
337 _2rdamedia
_aunmediated
338 _2rdacarrier
_avolume
650 1 0 _aMalay fiction
942 _ddc
_cB
999 _c29625
_d29625